Smallest States by Area Minefield Map Quiz Stats

 Plays Quiz Updated May 8, 2018

Score 0/25 Timer 06:00
2 Plays Today
% Correct
???
90.4%
???
86.9%
???
86.1%
???
85.2%
???
84%
???
83.7%
???
81.8%
???
81.5%
???
79.4%
???
77.6%
???
77.2%
???
76.7%
???
73.7%
% Correct
???
60.2%
???
59.7%
???
57%
???
56.7%
???
53.7%
???
52%
???
50%
???
48.8%
???
48.5%
???
48.4%
???
42.6%
???
36.6%

You're not logged in!

Compare scores with friends on all Sporcle quizzes.
Join for Free
OR
Log In

You Might Also Like...

Show Comments

Extras

Top Quizzes Today


Score Distribution

Your Account Isn't Verified!

In order to create a playlist on Sporcle, you need to verify the email address you used during registration. Go to your Sporcle Settings to finish the process.

Report this User

Report this user for behavior that violates our Community Guidelines.

Details: